000
00280nam a22001217a 4500
008
170522b xxu||||| |||| 00| 0 eng d
041
_a
eng
080
_2
3 ED
_a
94
100
_a
16
101
_a
SHH
245
_a
A BRIEF HISTORY OF WESTERN MAN
_c
GREER.TH.H
942
_2
udc
_c
BK
999
_c
13613
_d
13613